000 00393cam a22001217a 4500
008 180718b1965 xxu||||| |||| 00| 0 eng d
082 _aA81x54 In2/61/2/PT7A/2
100 _aCensus of India 1961
245 _aAndhra Pradesh: selected crafts
260 _aDelhi
_bThe Manager of Publications
_c1965
300 _a115+p.
440 _aCensus of India 1961. Volume-II, Andhra Pradesh. Part-VIIA (II)
999 _c483951
_d483951